Magical Mystery Tour - Songs - Statistics

General Stats
  • This quiz has been taken 57 times
  • The average score is 9 of 11
Answer Stats
Plays Song Names % Correct
224,932,878 Strawberry Fields Forever
93%
105,592,377 I Am The Walrus
89%
167,452,364 Penny Lane
89%
30,082,365 Magical Mystery Tour
86%
49,597,982 The Fool On The Hill
86%
214,617,605 All You Need Is Love
82%
18,459,922 Blue Jay Way
79%
18,988,736 Flying
75%
154,798,545 Hello, Goodbye
75%
32,487,792 Your Mother Should Know
75%
38,338,450 Baby, You're A Rich Man
71%
No matching quizzes found
Score Distribution
Percent of People with Each Score
Percentile by Number Answered
Your Score History
You have not taken this quiz